Aerial surveying of the UK road network (Record no. 117108)
[ view plain ]
| 000 -LEADER | |
|---|---|
| fixed length control field | 01338cam a2200265 4500 |
| 001 - CONTROL NUMBER | |
| control field | WB4011-22 |
| 008 - FIXED-LENGTH DATA ELEMENTS--GENERAL INFORMATION | |
| fixed length control field | 040316n2004 000 0 eng u |
| 035 ## - SYSTEM CONTROL NUMBER | |
| System control number | (Sirsi) u125432 |
| 245 ## - TITLE STATEMENT | |
| Title | Aerial surveying of the UK road network |
| 260 ## - PUBLICATION, DISTRIBUTION, ETC. | |
| Date of publication, distribution, etc. | 2004 |
| 490 ## - SERIES STATEMENT | |
| Series statement | RICS Geomatics Faculty News |
| Volume/sequential designation | 12 March 2004 (1) |
| 520 ## - SUMMARY, ETC. | |
| Summary, etc. | New methods of aerial surveying the UK motorway and trunk road network are to be introduced by the Highways Agency, which will improve services to road users by cutting the time taken to carry out work as well as increasing safety for surveyors. LiDAR (light detection and ranging) surveying combines global positioning systems, inertial systems and lasers, allowing computer analysis of vast amounts of data at low cost. Highways Agency press release is at http://www.highways.gov.uk/news/press_releases/gen eral/2004_03_03a.htm. http://www.rics.org/ricscms/bin/show?class=News&te mplate=/includes/shownews.html&id=8437&faculty=Geo matics&faculty=All%20Faculties |
| 590 ## - LOCAL NOTE (RLIN) | |
| Local note | WB |
| 590 ## - LOCAL NOTE (RLIN) | |
| Local note | WB |
| 650 ## - SUBJECT ADDED ENTRY--TOPICAL TERM | |
| Topical term or geographic name entry element | AERIAL SURVEYING |
| 650 ## - SUBJECT ADDED ENTRY--TOPICAL TERM | |
| Topical term or geographic name entry element | GLOBAL POSITIONING SYSTEMS |
| 650 ## - SUBJECT ADDED ENTRY--TOPICAL TERM | |
| Topical term or geographic name entry element | MOTORWAYS |
| 650 ## - SUBJECT ADDED ENTRY--TOPICAL TERM | |
| Topical term or geographic name entry element | INERTIAL SYSTEMS |
| 650 ## - SUBJECT ADDED ENTRY--TOPICAL TERM | |
| Topical term or geographic name entry element | LASERS |
| 650 ## - SUBJECT ADDED ENTRY--TOPICAL TERM | |
| Topical term or geographic name entry element | TRUNK ROADS |
| 650 ## - SUBJECT ADDED ENTRY--TOPICAL TERM | |
| Topical term or geographic name entry element | LIDAR |
| 650 ## - SUBJECT ADDED ENTRY--TOPICAL TERM | |
| Topical term or geographic name entry element | LIGHT DETECTION AND RANGING |
| 690 ## - LOCAL SUBJECT ADDED ENTRY--TOPICAL TERM (OCLC, RLIN) | |
| Topical term or geographic name as entry element | TRANSPORT AND COMMUNICATIONS |
| 942 ## - ADDED ENTRY ELEMENTS (KOHA) | |
| Suppress in OPAC | 0 |
| Withdrawn status | Lost status | Source of classification or shelving scheme | Damaged status | Not for loan | Home library | Current library | Shelving location | Date acquired | Total Checkouts | Full call number | Barcode | Date last seen | Copy number | Price effective from | Koha item type |
|---|---|---|---|---|---|---|---|---|---|---|---|---|---|---|---|
| Dewey Decimal Classification | London | London | News article | 16/03/2004 | WB4011-22 | 125432-1001 | 06/08/2019 | 1 | 06/08/2019 | News article |